Profile: Thanos Quiz Stats

 Plays Quiz not verified by Sporcle

Score 0/30 Timer 10:00
0 Plays Today
Clue Thanos % Correct
Adopted DaughterGamora
91.1%
Adopted DaughterNebula
89.8%
Any Cameo Film Appearances..The Avengers..
86.4%
HomeworldTitan
83.9%
Portrayed by..Josh Brolin
78.9%
Second Film AppearanceAvengers: Infinity War
78.5%
First Film AppearanceGuardians of the Galaxy
75.4%
PublisherMarvel Comics
70.3%
Dwarven Forged WeaponInfinity Gauntlet
69.1%
Cosmic Entity AdmiredMistress Death
61.8%
PartnershipEbony Maw
60.8%
PartnershipProxima Midnight
54.7%
Team AffiliationBlack Order
49.4%
PartnershipCorvus Glaive
47.8%
PartnershipBlack Dwarf
47.8%
Clue Thanos % Correct
BrotherEros
33.1%
SonThane
32.3%
PartnershipRonan the Accuser
32.3%
Personal ServantThe Other
30.9%
SpeciesEternal
27.6%
CreatorJim Starlin
26.4%
FatherMentor
26.2%
Warship(s)Sanctuary-Class
18.5%
PartnershipSupergiant
17.9%
PartnershipAdam Warlock
17.3%
First Appearance (1973)The Invincible Iron Man #55
17.1%
Race AffiliationChitauri
16.9%
Team AffiliationInfinity Watch
15.9%
MotherSui-San
12.6%
Race AffiliationOutriders
8.9%

You're not logged in!

Compare scores with friends on all Sporcle quizzes.
OR
Log In

Show Comments

Extras

Top Quizzes Today


Score Distribution

Your Account Isn't Verified!

In order to create a playlist on Sporcle, you need to verify the email address you used during registration. Go to your Sporcle Settings to finish the process.

Report this User

Report this user for behavior that violates our Community Guidelines.

Details: